Boletín quincenal de la Feria Oficial de Muestras
Descripción Física:
24 cm
MARC
| LEADER | 00000nam a2200000Ia 4500 | ||
|---|---|---|---|
| 001 | |||
| 008 | 160829s1920 xx 000 0 cat d | ||
| 008 | 160829s9999 xx 000 0 cat d | ||
| 080 | |a 2793, exp. 62 | ||
| 245 | |a Boletín quincenal de la Feria Oficial de Muestras | ||
| 260 | |a Barcelona : |b A. Artís, |c 1920 | ||
| 300 | |a 24 cm | ||
| 362 | |a Año 1, no. 1 (15 Jun. 1920) - [193- ?] | ||
| 590 | |a Quinzenal. | ||
| 590 | |a Variant de títol: Boletín de la Feria Oficial de Muestras | ||
| 610 | 2 | 0 | |a Fira de Barcelona |v Revistes |9 55122 |
| 650 | |a Fires |x Revistes |9 48380 | ||
| 710 | 2 | |a Fira de Barcelona |9 55121 | |
| 866 | |a Any 1, 1920 (1, 2, 3) | ||
| 901 | |a Arxiu | ||
| 942 | |n 1 | ||
| 952 | |0 0 |1 0 |4 0 |6 2793_EXP_62 |7 1 |9 54504 |a Arxiu |b Arxiu |d 2016-12-01 |l 0 |o 2793, exp. 62 |r 2016-12-01 00:00:00 |w 2016-12-01 |y ARXIU | ||
| 999 | |c 58373 |d 58373 | ||